| 000 | 00756nam a2200253Ia 4500 | ||
|---|---|---|---|
| 003 | OSt | ||
| 005 | 20220928120027.0 | ||
| 006 | a|||||r|||| 00| 0 | ||
| 007 | ta | ||
| 008 | 220927b |||||||| |||| 00| 0 eng d | ||
| 020 | _c1474.0038 | ||
| 024 | _a105664 | ||
| 037 |
_b487A, 14/01/2010, Pioneer Book Distributors _cTextual |
||
| 040 |
_aSDCL _cSDCL _beng |
||
| 041 |
_2eng _aeng |
||
| 082 | _aR : (W), Q0 | ||
| 100 |
_aKnowles Dudley _9447279 |
||
| 245 | 0 |
_aPolitical obligation _b A critical introduction. |
|
| 260 |
_aLondon _bRoutledge _c2010 |
||
| 300 |
_axii, 219p _ccm. |
||
| 650 | _aPhilosophy | ||
| 942 |
_hR : (W), Q0 _cTEXL _2CC |
||
| 999 |
_c761964 _d761964 |
||